Thành phố thông minh : Nền tảng, nguyên lý và ứng dụng

Gồm 29 bài nghiên cứu đề cập tới tất cả vấn đề cơ bản trong xây dựng một thành phố thông minh, giải quyết những thách thức, cơ hội tạo ra các thành phố này và hiệu quả của chúng. Phân tích các xu hướng có thể xảy ra trong tương lai, he...

Mô tả đầy đủ

Đã lưu trong:
Chi tiết về thư mục
Tác giả khác: Song, Houbing (Biên soạn), Srinivasan, Ravi (Biên soạn), Sookoor, Tamim (Biên soạn), Jeschke, Sabina (Biên soạn), Ngô Thành Nam (Biên dịch)
Định dạng: Sách
Ngôn ngữ:Vietnamese
Được phát hành: H. Chính trị Quốc gia 2019
Phiên bản:Xuất bản lần thứ 2
Những chủ đề:
Các nhãn: Thêm thẻ
Không có thẻ, Là người đầu tiên thẻ bản ghi này!
Thư viện lưu trữ: Thư viện Trường Đại học Nam Cần Thơ
LEADER 01738nam a22002657a 4500
001 NCT_4_018954
008 250512b xxu||||| |||| 00| 0 vie d
999 |c 8919  |d 8919 
020 |a 9876045747186  |c 533000 
082 0 4 |2 23rd ed.  |a 307.76  |b Th107P 
245 0 0 |a Thành phố thông minh :  |b Nền tảng, nguyên lý và ứng dụng   |c Houbing Song... [et al.] (Biên soạn) ; Ngô Thành Nam (biên dịch) 
250 |a Xuất bản lần thứ 2  
260 |a H.   |b Chính trị Quốc gia  |c 2019 
300 |a 1275 tr.  |b Minh họa   |c 24 cm 
500 |a Tên sách tiếng Anh: Smart cities: Foundations, principles, and applications 
520 3 |a Gồm 29 bài nghiên cứu đề cập tới tất cả vấn đề cơ bản trong xây dựng một thành phố thông minh, giải quyết những thách thức, cơ hội tạo ra các thành phố này và hiệu quả của chúng. Phân tích các xu hướng có thể xảy ra trong tương lai, hệ thống các quan điểm khoa học để mở rộng ứng dụng đa lĩnh vực cho sự phát triển trong các thành phố thông minh 
653 |a Công nghệ thông tin  
700 1 |a Song, Houbing   |e Biên soạn  
700 1 |a Srinivasan, Ravi  |e Biên soạn  
700 1 |a Sookoor, Tamim   |e Biên soạn  
700 1 |a Jeschke, Sabina  |e Biên soạn  
700 1 |a Ngô Thành Nam   |e Biên dịch 
942 |2 ddc  |c BK 
952 |0 0  |1 0  |2 ddc  |4 0  |6 307_760000000000000_TH107P  |7 0  |9 30619  |a 000001  |b 000001  |d 2025-05-12  |o 307.76 Th107P  |p MD.23900  |r 2025-05-12  |v 533000.00  |w 2025-05-12  |y BK 
980 |a Thư viện Trường Đại học Nam Cần Thơ